<?xml version="1.0" encoding="UTF-8"?>
<marc:record xmlns:marc="http://www.loc.gov/MARC21/slim">
   <marc:leader>00000nam a2200000 a 4500</marc:leader>
   <marc:datafield ind1="1" ind2=" " tag="100">
      <marc:subfield code="a">Lane, Andrew</marc:subfield>
      <marc:subfield code="4">aut</marc:subfield>
      <marc:subfield code="e">Verfasser/-in</marc:subfield>
   </marc:datafield>
   <marc:datafield ind1=" " ind2=" " tag="653">
      <marc:subfield code="a">Jugendbuch</marc:subfield>
   </marc:datafield>
   <marc:datafield ind1=" " ind2=" " tag="653">
      <marc:subfield code="a">Kriminalroman</marc:subfield>
   </marc:datafield>
   <marc:datafield ind1="0" ind2="0" tag="245">
      <marc:subfield code="a">Tödliche Geheimnisse</marc:subfield>
   </marc:datafield>
   <marc:datafield ind1="0" ind2="0" tag="245">
      <marc:subfield code="b">[Band 7]</marc:subfield>
   </marc:datafield>
   <marc:datafield ind1=" " ind2="1" tag="264">
      <marc:subfield code="b">FJB bei S. Fischer</marc:subfield>
      <marc:subfield code="c">2016</marc:subfield>
   </marc:datafield>
   <marc:datafield ind1="1" ind2=" " tag="490">
      <marc:subfield code="a">Young Sherlock Holmes</marc:subfield>
   </marc:datafield>
   <marc:datafield ind1="1" ind2=" " tag="520">
      <marc:subfield code="a">Der junge Sherlock Holmes ermittelt dieses Mal in Oxford, wo er auf Wunsch seines Bruders Mycroft aufs College gehen muss. Doch in den Leichenhallen der Medizinischen Fakultät geht etwas Seltsames vor sich: Körperteile werden gestohlen und einzeln an eine Adresse in London geschickt. Ein gruseliges Rätsel, das Sherlock natürlich wieder unbedingt lösen will.
Aus den Leichenhallen der ehrwürdigen Universität Oxford in England verschwinden einzelne Körperteile und werden per Post an eine Adresse in London geschickt. Der junge Sherlock Holmes macht sich auf die Spurensuche und entdeckt weitere Geheimnisse ... 7. Fall des jungen Meisterdetektivs. Ab 13.</marc:subfield>
   </marc:datafield>
   <marc:datafield ind1=" " ind2=" " tag="020">
      <marc:subfield code="a">9783596032242</marc:subfield>
      <marc:subfield code="9">9783596032242</marc:subfield>
   </marc:datafield>
</marc:record>
